SPICE: A GUIDE TO CIRCUIT SIMULATION AND ANALYSIS USING PSPICE (Record no. 575006)

000 -LEADER
fixed length control field 00444nam a22001457a 4500
020 ## - INTERNATIONAL STANDARD BOOK NUMBER
International Standard Book Number 0-13-747270-6
082 ## - DEWEY DECIMAL CLASSIFICATION NUMBER
Classification number 621.3815 TAI
100 ## - MAIN ENTRY--PERSONAL NAME
Personal name TUINENGA, PAUL W
9 (RLIN) 67166
245 ## - TITLE STATEMENT
Title SPICE: A GUIDE TO CIRCUIT SIMULATION AND ANALYSIS USING PSPICE
250 ## - EDITION STATEMENT
Edition statement 2ND
260 ## - PUBLICATION, DISTRIBUTION, ETC.
Place of publication, distribution, etc. NEW JERSEY
Name of publisher, distributor, etc. PRENTICE HALL
Date of publication, distribution, etc. 1992
300 ## - PHYSICAL DESCRIPTION
Extent XVI,254P
650 ## - SUBJECT ADDED ENTRY--TOPICAL TERM
Topical term or geographic name entry element SPICE COMPUTER PROGRAM, ELECTRIC CIRCUIT ANALYSIS DATA PROCESSING .PSPICE
9 (RLIN) 67167
942 ## - ADDED ENTRY ELEMENTS (KOHA)
Koha item type Book
Holdings
Withdrawn status Lost status Damaged status Not for loan Permanent Location Current Location Shelving location Date acquired Total Checkouts Full call number Barcode Date last seen Price effective from Koha item type
        College of Electrical & Mechanical Engineering (CEME) College of Electrical & Mechanical Engineering (CEME) General Stacks 08/01/2017   621.3815 TAI CEME-27454 06/28/2021 06/28/2021 Book
© 2023 Central Library, National University of Sciences and Technology. All Rights Reserved.